00297nam a2200109Ia 4500008004100000041000800041082002700049100001700076245003700093260004800130300000900178230411s9999 xx 000 0 und d aeng aF/610.730 2/SIR/B04994 aSirra Esther aNursing Process : Clinical guide bB I Churchill Living StoneaNew Delhic1999 a101p